Catálogo público

Manejo de antracnosis (colletotrichum sp.) en el cultivo de papaya (Carica papaya L.) mediante el uso de productos alternativos, extractos y fungicidas / (Record no. 219459)

MARC details
000 -CABECERA
campo de control de longitud fija 02910nam a2200301 a 4500
003 - IDENTIFICADOR DEL NÚMERO DE CONTROL
campo de control OSt
005 - FECHA Y HORA DE LA ÚLTIMA TRANSACCIÓN
campo de control 20251111133944.0
007 - CAMPO FIJO DE DESCRIPCIÓN FÍSICA--INFORMACIÓN GENERAL
campo de control de longitud fija cr ||||||a|c|a
008 - DATOS DE LONGITUD FIJA--INFORMACIÓN GENERAL
campo de control de longitud fija 231128s2019 mx a|||fom||| 001 0 spa d
040 ## - FUENTE DE LA CATALOGACIÓN
Normas de descripción rda
100 1# - ENTRADA PRINCIPAL--NOMBRE DE PERSONA
9 (RLIN) 188316
Nombre de persona Hernández Valencia, Vicente
245 10 - MENCIÓN DE TÍTULO
Título Manejo de antracnosis (colletotrichum sp.) en el cultivo de papaya (Carica papaya L.) mediante el uso de productos alternativos, extractos y fungicidas /
Mención de responsabilidad, etc. por Vicente Hernández Valencia : director de tesis Manuel Alejandro Tejeda Reyes.
264 #1 - PRODUCCIÓN, PUBLICACIÓN, DISTRIBUCIÓN, FABRICACIÓN Y COPYRIGHT
Producción, publicación, distribución, fabricación y copyright Chapingo, México :
Nombre del de productor, editor, distribuidor, fabricante El autor,
Fecha de producción, publicación, distribución, fabricación o copyright 2019.
300 ## - DESCRIPCIÓN FÍSICA
Extensión 1 recurso en línea ( 68 páginas):
Otras características físicas cuadros, figuras.
336 ## - TIPO DE CONTENIDO
Fuente rdacontent
Término de tipo de contenido texto
Código de tipo de contenido txt
337 ## - TIPO DE MEDIO
Fuente rdamedia
Nombre/término del tipo de medio computadora
Código del tipo de medio c
338 ## - TIPO DE SOPORTE
Fuente rdacarrier
Nombre/término del tipo de soporte recurso en línea
Código del tipo de soporte cr
502 ## - NOTA DE TESIS
Tipo de título Ingeniero Agrónomo Especialista en Parasitología Agrícola
Nombre de la institución que otorga el título Departamento de Enseñanza, Investigación y Servicio en Parasitología Agrícola,
Año de obtención del título 2019.
Información miscelánea Licenciatura
504 ## - NOTA DE BIBLIOGRAFÍA, ETC.
Nota de bibliografía, etc. Incluye referencias bibliográficas: páginas 50-56.
520 ## - SUMARIO, ETC.
Sumario, etc. La fruta de la papaya ha adquirido relevancia en los últimos años debido a su buena calidad gustativa y a su alto valor nutricional. A pesar del creciente interés por este cultivo como una nueva alternativa para la exportación. La antracnosis causada por el hongo C. gloeosporioides Penz. es la enfermedad más grave de los frutos; el organismo se instala en el fruto cuando todavía es verde e inicia su actividad con las lluvias, produciendo unos pequeños puntos que rápidamente aumentan de tamaño, originando manchas deprimidas y rodeadas de un halo acuoso de diferente color, que coalescen y acaban por invadir todo el fruto. En el presente trabajo se utilizaron tratamientos alternativos, fungicidas y extractos vegetales aplicados para el manejo de C. gloeosporioides de papaya en in vitro y en campo. Los resultados mostraron que Ciprodinil (37.5%) + Fludioxonil (25 %) a dosis de 0.187 g y 0.312 g y sulfato de cobre (25%) a dosis de 0.25 g y 0.125 g fueron efectivos para el control de la enfermedad C. gloeosporioides, se obtuvo una inhibición del 93.38%. Iprodiona (50 %) y Tiabendazol (60 %) que en sus dosis altas (0.468 g) se obtuvo 71.90 % de inhibición. En campo los mejores tratamientos fueron NPsAu (15 %), NPsCu (15 %) con un 90.63 Y 90 % de inhibición respectivamente y los extractos con mejor resultado fueron el de bugambilia (33%) con 77.08 % y T. lucida (0.1%) (extraccion con aceite) con 61.54 % de inhibición. Siendo estos como alternativa para evitar el uso excesivo de fungicidas convencionales como Clorotalonil y Azoxystrobin.
650 #4 - PUNTO DE ACCESO ADICIONAL DE MATERIA--TÉRMINO DE MATERIA
9 (RLIN) 85334
Término de materia o nombre geográfico como elemento de entrada Papaya
Subdivisión general Enfermedades por hongos
650 #4 - PUNTO DE ACCESO ADICIONAL DE MATERIA--TÉRMINO DE MATERIA
9 (RLIN) 133990
Término de materia o nombre geográfico como elemento de entrada Colletotrichum gloeosporioides
Subdivisión general Control
650 #4 - PUNTO DE ACCESO ADICIONAL DE MATERIA--TÉRMINO DE MATERIA
9 (RLIN) 129639
Término de materia o nombre geográfico como elemento de entrada Extractos vegetales como fungicida
650 #4 - PUNTO DE ACCESO ADICIONAL DE MATERIA--TÉRMINO DE MATERIA
9 (RLIN) 44045
Término de materia o nombre geográfico como elemento de entrada Fungicidas
Subdivisión general Análisis
700 1# - PUNTO DE ACCESO ADICIONAL--NOMBRE DE PERSONA
9 (RLIN) 112025
Nombre de persona Tejeda Reyes, Manuel Alejandro
Término indicativo de función/relación director.
856 ## - LOCALIZACIÓN Y ACCESO ELECTRÓNICOS
Identificador Uniforme del Recurso http://10.13.5.2/tesis/tl/Hernandez_Valencia_Vicente.pdf
Nota pública DESCARGAR PDF
942 ## - ELEMENTOS DE PUNTO DE ACCESO ADICIONAL (KOHA)
Fuente del sistema de clasificación o colocación Clasificación Universidad Autónoma Chapingo
Tipo de ítem Koha Tesis digital
Holdings
Estado de retiro Estado de pérdida Fuente del sistema de clasificación o colocación Estado dañado Restricciones de uso No para préstamo Código de colección Localización permanente Ubicación/localización actual Ubicación en estantería Fecha de adquisición Total de préstamos Signatura topográfica completa Fecha visto por última vez Precio válido a partir de Tipo de ítem Koha
    Clasificación Universidad Autónoma de Chapingo   Préstamo interno   Tesis digitales de Licenciatura Biblioteca Digital Biblioteca Digital En línea 28/11/2023   Tesis digital 28/11/2023 28/11/2023 Tesis digital